Manual de diseño para tejidos de seda (Record no. 20350)

MARC details
000 -LEADER
campo de control de longitud fija 00363nam a2200109Ia 4500
008 - DATOS DE LONGITUD FIJA--INFORMACIÓN GENERAL
campo de control de longitud fija 231129s9999||||xx |||||||||||||| ||spa||
082 ## - NÚMERO DE LA CLASIFICACIÓN DECIMAL DEWEY
Número de clasificación 746.14 M715m
100 ## - ENTRADA PRINCIPAL--NOMBRE DE PERSONA
Nombre de persona Mojica Zambrano Adriana Maritza
245 #0 - MENCIÓN DEL TÍTULO
Título Manual de diseño para tejidos de seda
264 ## - PRODUCCIÓN, PUBLICACIÓN, DISTRIBUCIÓN, FABRICACIÓN Y COPYRIGHT
Producción, publicación, distribución, fabricación y copyright Timbio Cauca Colombia : Centro de Desarrollo Tecnológico de Sericultura CDTS
942 ## - ELEMENTOS DE ENTRADA SECUNDARIOS (KOHA)
Fuente del sistema de clasificación o colocación Clasificación Decimal Dewey
Tipo de ítem Koha
Holdings
Estatus retirado Estado de pérdida Fuente del sistema de clasificación o colocación Estado de daño No para préstamo Biblioteca de origen Biblioteca actual Fecha de adquisición Total de préstamos Signatura topográfica completa Código de barras Visto por última vez Copia número Precio de reemplazo Tipo de ítem Koha
    Clasificación Decimal Dewey     BIBLIOTECA PÚBLICA MUNICIPAL RAMON CORREA MEJIA BIBLIOTECA PÚBLICA MUNICIPAL RAMON CORREA MEJIA 07/03/2016   746.14 M715m 37110 29/11/2023 1 29/11/2023 Libros

Powered by Koha